Fichero : actividades didácticas :

Salvato in:
Dettagli Bibliografici
Enti autori: México. Secretaría de Educación Pública. Subsecretaría de Educación Básica y Normal. Dirección General de Materiales y Métodos Educativos., Comisión Nacional de Libros de Texto Gratuitos. (México).
Altri autori: Block Sevilla, David Francisco. 1954- (Consulente), Carvajal Juárez, Alicia Lily. (Contributore)
Natura: Libro
Lingua:spagnolo
Pubblicazione: México : Secretaría de Educación Pública : Comisión Nacional de Libros de Texto Gratuitos, 1995[reimpresión 2000].
Catalogo:MANES:  Risultati della ricerca del catalogo della biblioteca
Libro di testo Classificazione:
Serie:Libro de texto gratuito
Tags: Aggiungi Tag
Nessun Tag, puoi essere il primo ad aggiungerne!!
Aggiunto a:2000-04-05
Cambiato in:2025-05-08

MARC

LEADER 00000cam a2200000 a 4500
003 OSt
005 20250508092048.0
008 000406s19951999mx a 000 0 spa d
020 |a 9682972906 
040 |a CINV  |c CINV 
050 0 4 |a LTG LB1589  |b M49ad 2º 1995 (Die) 
051 0 4 |a LTG LB1589-M49ad 2º 1995 (Die) 
110 2 |a México.  |b Secretaría de Educación Pública.  |b Subsecretaría de Educación Básica y Normal.  |b Dirección General de Materiales y Métodos Educativos.  |9 24461 
245 0 0 |a Fichero :  |b actividades didácticas :  |b matemáticas :  |b segundo grado /   |c asesor David Francisco Block Sevilla, colaboradores Alicia Carvajal Juárez..[et al] 
260 |a México :  |b Secretaría de Educación Pública : Comisión Nacional de Libros de Texto Gratuitos,  |c 1995[reimpresión 2000]. 
300 |a 39 p. :  |b il. ;  |c 21 cm. 
440 |a Libro de texto gratuito  |9 21882 
546 |a México 
561 |5 mx-CINVES  |a México. DIE-Cinvestav (Ciudad de México)  |k MANES 
691 0 |a PRI 
700 1 |a Block Sevilla, David Francisco.  |d 1954-  |e asesor 
700 1 |a Carvajal Juárez, Alicia Lily.  |e colab.  |9 45757 
710 2 |a Comisión Nacional de Libros de Texto Gratuitos. (México).  |9 24074 
910 |a E-34748(Die)  |b Don.- 1994  |a E-34972(ej.2. Die) 
911 |a E-34748(Die) 
920 |a CE 
942 |2 ddc  |c BK 
999 |c 55165  |d 55165 
999 |c manes:55165  |d 55165